| 000 | 01308nam a2200349 a 4500 | ||
|---|---|---|---|
| 001 | 000006245 | ||
| 003 | DO-SdBNP | ||
| 005 | 20250703140240.0 | ||
| 008 | 090827s2003 dr 000 0 spa d | ||
| 020 | _a8495193124 | ||
| 040 |
_aDO-SdBNP _bspa _cBNPHU |
||
| 082 |
_a370.1 _bH557i, 2003 |
||
| 100 | 1 |
_aHernández Castillo, Ángel _917443 |
|
| 245 | 1 | 0 |
_aIntroducción a las ciencias de la educación / _cÁngel Hernández Castillo; Manuel Núñez. |
| 250 | _a3a. ed., aumentada y corregida | ||
| 260 |
_aSanto Domingo : _bUAPA, _c2003. |
||
| 300 |
_a348 p. ; _c22 cm. |
||
| 490 | 1 | _aAutoaprendizaje. | |
| 490 | 1 |
_aCiencias de la educación _v1 |
|
| 500 | _aIncluye referencias bibliográficas y notas al pie de las páginas | ||
| 504 | _aBibliografía: p. 329-348 | ||
| 590 | _aInventariado, 2019/MFF | ||
| 650 | 4 |
_aEducación _zRepública Dominicana _9737 |
|
| 650 | 4 |
_aFormación profesional de maestros _917397 |
|
| 650 | 0 |
_aEducación _xFilosofía _93186 |
|
| 650 | 4 |
_aEducación _xInvestigaciones _913089 |
|
| 650 | 4 |
_aEducación y estado _zRepública Dominicana _910500 |
|
| 700 | 1 |
_aNúñez, Manuel, _d1957- _epról. _92366 |
|
| 710 | 2 |
_aUniversidad Abierta Para Adulto (República Dominicana) _917444 |
|
| 830 | 0 |
_aAutoaprendizaje _pCiencias de la educación _n1 _917445 |
|
| 942 |
_2ddc _cLBS1 |
||
| 999 |
_c6040 _d6040 |
||